Notas para el análisis dramático

Tallennettuna:
Bibliografiset tiedot
Päätekijä: Mínguez, José María (autor)
Aineistotyyppi: Kirja
Kieli:espanja
Julkaistu: Concepción Universidad de Concepción 1970
Sarja:Colección de Estudios Literarios, 1
Aiheet:
Tagit: Lisää tagi
Ei tageja, Lisää ensimmäinen tagi!

MARC

LEADER 00000nam a2200000 a 4500
001 UCX5928
003 CL-VaPUC
008 930310e19700000CL |||||||||||||||||spa|d
082 0 4 |a 832.09  |b MIN  |2 21 
100 |a Mínguez, José María  |e autor  |9 322580 
245 1 0 |a Notas para el análisis dramático 
300 |a 31 p 
942 |c BK 
945 |d 19930310 00:00:00 
260 |a Concepción  |b Universidad de Concepción  |c 1970 
600 0 7 |a BUCHNER, GEORG  |2 CL-VaPUC  |9 322279 
650 0 |a Crítica e interpretación   |9 255042 
583 |a last modification  |c 19930310 00:00:00  |k Rodrigo Vera 
490 0 |a Colección de Estudios Literarios, 1 
999 |c 226047  |d 226045 
952 |0 0  |1 0  |4 0  |6 832_090000000000000_MIN_1970  |7 0  |8 A  |9 224090  |a BIBEDU  |b BIBEDU  |d 2019-11-15  |i 2929295  |o 832.09 MIN 1970  |p 2929295  |r 2019-11-15  |w 2019-11-15  |y BK  |k LIT